Kesan dan aspirasi pembangunan masyarakat Iban di pedalaman Sarawak : kajian kes di Nanga Engkuah, Song, Sarawak /
Saved in:
| Main Author: | |
|---|---|
| Format: | Thesis Book |
| Language: | Malay |
| Published: |
2019.
|
| Subjects: | |
| Online Access: | http://studentsrepo.um.edu.my/14667/ |
| Tags: |
Add Tag
No Tags, Be the first to tag this record!
|
| LEADER | 01816cam a2200397 i 4500 | ||
|---|---|---|---|
| 001 | u1127699 | ||
| 003 | SIRSI | ||
| 005 | 201912021543 | ||
| 008 | 191202s2019 my a m 000 0 may | ||
| 040 | |a UMM |d AUM |e rda | ||
| 043 | |a a-my-sr | ||
| 090 | |a GN6 |b UM 2019 Mul | ||
| 100 | 0 | |a Mula Kelabu, |e author. | |
| 245 | 1 | 0 | |a Kesan dan aspirasi pembangunan masyarakat Iban di pedalaman Sarawak : |b kajian kes di Nanga Engkuah, Song, Sarawak / |c Mula Anak Kelabu. |
| 264 | 1 | |c 2019. | |
| 300 | |a xv, 196 leaves : |b illustrations ; |c 30 cm | ||
| 336 | |a text |2 rdacontent | ||
| 337 | |a unmediated |2 rdamedia | ||
| 337 | |a computer |2 rdamedia | ||
| 338 | |a volume |2 rdacarrier | ||
| 338 | |a computer disc |2 rdacarrier | ||
| 502 | |b M.A. |c Jabatan Antropologi dan Sosiologi, Fakulti Sastera dan Sains Sosial, Universiti Malaya |d 2019. | ||
| 504 | |a Bibliography: leaves 175-187. | ||
| 530 | |a Also issued in CD. | ||
| 650 | 0 | |a Community development |z Malaysia |z Sarawak. | |
| 650 | 0 | |a Rural development |z Malaysia |z Sarawak. | |
| 650 | 0 | |a Iban (Bornean people) |z Malaysia |z Sarawak. | |
| 650 | 0 | |a Iban (Bornean people) |z Malaysia |z Sarawak |x Social conditions. | |
| 650 | 0 | |a Iban (Bornean people) |z Malaysia |z Sarawak |x Politics and government. | |
| 650 | 0 | |a Iban (Bornean people) |z Malaysia |z Sarawak |x Economic conditions. | |
| 710 | 2 | |a Universiti Malaya. |b Jabatan Antropologi dan Sosiologi, |e degree granting institution. | |
| 856 | 4 | 1 | |u http://studentsrepo.um.edu.my/14667/ |
| 900 | |a NNANS NSM | ||
| 596 | |a 1 25 | ||
| 999 | |a GN6 UM 2019 MUL |w LC |c 1 |i A517480928 |d 20/10/2022 |e 4/9/2022 |f 5/12/2019 |g 1 |l STACKS |m P01UTAMA |n 2 |r Y |s Y |t TESIS |u 2/12/2019 |1 AHSS |o .STAFF. Surat agreement & Cd tidak disertakan (FSSS). | ||
| 999 | |a GN6 UM 2019 MUL |w LC |c 1 |i A517199831 |f 27/6/2023 |g 1 |l STACKS |m P25UMARCHI |r N |s Y |t CD |u 27/6/2023 |1 AHSS |o .STAFF. MST-CD2855 | ||
